| Tag |
First Indicator |
Second Indicator |
Subfields |
| LEADER |
00000cam a2200000Ia 4500 |
| 001 |
in00002784576 |
| 005 |
20151202171846.0 |
| 008 |
990908s1962 vauab b f000 0 eng d |
| 035 |
|
|
|a (OCoLC)ocm42321095
|
| 035 |
|
|
|a (OCoLC)42321095
|
| 040 |
|
|
|a CUY
|c CUY
|d UtOrBLW
|
| 043 |
|
|
|a n-us-ca
|
| 049 |
|
|
|a TXAM
|
| 050 |
|
4 |
|a QE75
|b .P6 v.334-H
|
| 086 |
|
|
|a I 19.16:334-H
|
| 100 |
1 |
|
|a Winterer, Edward L.
|
| 245 |
1 |
0 |
|a Geology of southeastern Ventura Basin, Los Angeles County, California /
|c by Edward L. Winterer.
|
| 264 |
|
1 |
|a [Reston, Va.] :
|b U.S. Geological Survey,
|c 1962.
|
| 300 |
|
|
|a pages 275-366 :
|b illustrations, maps ;
|c 28 cm.
|
| 336 |
|
|
|a text
|b txt
|2 rdacontent
|
| 337 |
|
|
|a unmediated
|b n
|2 rdamedia
|
| 338 |
|
|
|a volume
|b nc
|2 rdacarrier
|
| 490 |
1 |
|
|a Professional paper ;
|v 334-H
|
| 504 |
|
|
|a Includes bibliographical references.
|
| 650 |
|
0 |
|a Geology
|z California
|z Ventura Basin.
|
| 650 |
|
0 |
|a Geology
|z California
|z Los Angeles County.
|
| 710 |
2 |
|
|a Geological Survey (U.S.)
|
| 830 |
|
0 |
|a Geological Survey professional paper ;
|v 334-H.
|
| 948 |
|
|
|a cataloged
|b h
|c 2012/12/14
|d c
|e mvaldespin
|f 09:00:50 am
|
| 994 |
|
|
|a C0
|b TXA
|
| 999 |
|
|
|a MARS
|
| 999 |
f |
f |
|s 3d4ec1ae-5b2c-32de-b71e-88ac74c4f2ed
|i 2844f8ac-776f-3f36-9956-e9aa72ed9753
|t 0
|
| 952 |
f |
f |
|p normal
|a Texas A&M University
|b College Station
|c Sterling C. Evans Library
|d Evans: US Documents (Annex 5th floor)
|t 0
|e I 19.16:332-334
|h Superintendent of Documents classification
|i unmediated -- volume
|m A14833914390
|
| 952 |
f |
f |
|a Texas A&M University
|b College Station
|c Sterling C. Evans Library
|d Evans: US Documents (Annex 5th floor)
|t 0
|e I 19.16:332-334
|h Superintendent of Documents classification
|
| 998 |
f |
f |
|a I 19.16:332-334
|t 0
|l Evans: US Documents (Annex 5th floor)
|